000 00881nam a2200193Ia 4500
008 151121s9999||||xx |||||||||||||| ||und||
082 _a814/राजवा
082 _bHNW-11207
100 _aराजवाडे वि। का।
245 _aज्ञानेश्वरींतील मराठी भाषेचें व्याकरण
260 _b"चिटणीस, सत्कार्योतेजक सभा,धुळें।"
260 _c--
300 _a154
600 _aराजवाडे वि। का।
630 _aज्ञानेश्वरींतील मराठी भाषेचें व्याकरण
700 _aराजवाडे वि। का।
730 _aज्ञानेश्वरींतील मराठी भाषेचें व्याकरण
942 _cBOOK
999 _c1216151
_d1216148